000 00900nam a22001817a 4500
003 IT-RoPau
005 20220918181105.0
008 130514b xxu||||| |||| 00| 0 eng d
040 _cIT-RoPau
100 _aCentro di Promozione e Formazione
_9540
245 _a"Abundantes divitiae gratiae suae"
_bChiave di lettura della nostra storia carismatica
250 _a1° ed
260 _aRoma
_bSSP
_c1984
300 _a18 pp.
_c30 cm
490 _aIl Religioso paolino nella sua comunità
_v7° Vol.
520 _aIndice Fonti e sigle Presentazione 1. Di fronte al carisma: Giornata di rilettura - AD 1-6 2. La giornata dell'incontro nella luce - AD 13 - 22 - 35 3. Il cammino nella luce - AD 43-47; 87-100; 136-158. 4. Le molte ricchezze raccolte da Dio nella Famiglia Paolina7. 5. Un clima di vita: Essere in Cristo 6. Da Don Alberione a noi: Il nostro itinerario spirituale
942 _2ddc
_cBK
999 _c98525
_d98525